Security Strategies in Linux Platforms and Applications / (Record no. 356080)
[ view plain ]
| 000 -LEADER | |
|---|---|
| fixed length control field | 00539nam a2200169Ia 4500 |
| 003 - CONTROL NUMBER IDENTIFIER | |
| control field | SISC |
| 005 - DATE AND TIME OF LATEST TRANSACTION | |
| control field | 20191118091838.0 |
| 008 - FIXED-LENGTH DATA ELEMENTS--GENERAL INFORMATION | |
| fixed length control field | 180305s9999 xx 000 0 und d |
| 020 ## - INTERNATIONAL STANDARD BOOK NUMBER | |
| International Standard Book Number | 9781284090659 |
| 100 ## - MAIN ENTRY--PERSONAL NAME | |
| Personal name | Jang, Michael |
| 245 ## - TITLE STATEMENT | |
| Statement of responsibility, etc | Michael Jang, Ric Messier |
| Title | Security Strategies in Linux Platforms and Applications / |
| 250 ## - EDITION STATEMENT | |
| Edition statement | 2nd ed. |
| 260 ## - PUBLICATION, DISTRIBUTION, ETC. (IMPRINT) | |
| Place of publication, distribution, etc | Quezon City |
| Name of publisher, distributor, etc | MaxCor Pub. Inc. |
| Date of publication, distribution, etc | 2017 |
| 300 ## - PHYSICAL DESCRIPTION | |
| Extent | iii, 514 Pages |
| 440 ## - SERIES STATEMENT/ADDED ENTRY--TITLE | |
| Title | Jones & Bartlett Learning Information systems security & assurance series. |
| 942 ## - ADDED ENTRY ELEMENTS (KOHA) | |
| Source of classification or shelving scheme | Library of Congress Classification |
| Koha item type | Books |
| Withdrawn status | Lost status | Source of classification or shelving scheme | Damaged status | Home library | Current library | Shelving location | Date acquired | Source of acquisition | Total Checkouts | Full call number | Barcode | Date last seen | Price effective from | Koha item type |
|---|---|---|---|---|---|---|---|---|---|---|---|---|---|---|
| Library of Congress Classification | College Library | College Library | Graduate Section | 03/05/2018 | Library Fund | QA 76.76.O63 .J33 2017 | c21313 | 05/15/2018 | 03/05/2018 | Books |